Catálogo
 En Linea

AB urbe condita / (Registro nro. 41870)

Detalles MARC
000 -CABECERA
campo de control de longitud fija 00706nam a2200205 a 4500
001 - NÚMERO DE CONTROL
campo de control 000042381
005 - FECHA Y HORA DE LA ÚLTIMA TRANSACCIÓN
campo de control 20201002040122.0
008 - DATOS DE LONGITUD FIJA--INFORMACIÓN GENERAL
campo de control de longitud fija 131127s1953 sp ab r 000 0 spa d
040 ## - FUENTE DE LA CATALOGACIÓN
Centro catalogador/agencia de origen DO-SdBNP
Lengua de catalogación spa
Centro/agencia transcriptor BNPHU
082 ## - NÚMERO DE LA CLASIFICACIÓN DECIMAL DEWEY
Número de clasificación xxxx
Número de documento/Ítem xxxx
100 1# - ENTRADA PRINCIPAL--NOMBRE DE PERSONA
Nombre de persona Livio, Tito
9 (RLIN) 43449
245 10 - MENCIÓN DE TÍTULO
Título AB urbe condita /
Mención de responsabilidad, etc. Victor-José Herrero Llorente.
260 ## - PUBLICACIÓN, DISTRIBUCIÓN, ETC.
Lugar de publicación, distribución, etc. Madrid :
Nombre del editor, distribuidor, etc. Gredos,
Fecha de publicación, distribución, etc. 1953.
300 ## - DESCRIPCIÓN FÍSICA
Extensión 252 p. :
Otras características físicas il., mapas ;
Dimensiones 18 cm.
-- 18 cm.
490 1# - MENCIÓN DE SERIE
Mención de serie Gredos Bilingüe
Designación de volumen o secuencia 29
500 ## - NOTA GENERAL
Nota general texto latino con traducción yuxtalineal versión literaria y vocabulario de nombres históricos
590 ## - NOTA LOCAL (RLIN)
Nota local Inventariado, 2019/BT
700 12 - PUNTO DE ACCESO ADICIONAL--NOMBRE DE PERSONA
Nombre de persona Herrero Llorente, Víctor José.
9 (RLIN) 806
830 #0 - PUNTO DE ACCESO ADICIONAL DE SERIE-TÍTULO UNIFORME
Título uniforme Gredos Bilingüe
Número de parte o sección de la obra 29
9 (RLIN) 69473
Existencias
Estado de retiro Estado de pérdida Restricciones de uso No para préstamo Código de colección Localización permanente Ubicación/localización actual Ubicación en estantería Fecha de adquisición Número de inventario Total de préstamos Signatura topográfica completa Código de barras Fecha visto por última vez Precio válido a partir de Tipo de ítem Koha
      Excluido de préstamo Monografías: Libros y Folletos General General Depósito 27.11.2013 LF1   xxxx xxxx 42381-10 25.06.2020 25.06.2020 No se presta

Con tecnología Koha